Normal view
MARC view
Entry Personal Name
001 - CONTROL NUMBER
- control field: 14870
003 - CONTROL NUMBER IDENTIFIER
- control field: BD-RjUL
005 - DATE AND TIME OF LATEST TRANSACTION
- control field: 20250202111715.0
008 - FIXED-LENGTH DATA ELEMENTS
- fixed length control field: 250202|| aca||aabn | a|a d
040 ## - CATALOGING SOURCE
- Original cataloging agency: BD-RjUL
- Transcribing agency: BD-RjUL
100 ## - HEADING--PERSONAL NAME
- Personal name: Mortimer, John,
- Dates associated with a name: 1923-2009
670 ## - SOURCE DATA FOUND
- Source citation: Work cat.: (BD-RjUL)84628: Mortimer, John, 1923-2009., Lunch hour :, 1960.